[Event "I Festival A"]
[Site "Cortina d'Ampezzo ITA"]
[Date "2003.07.13"]
[Round "9"]
[White "Rotstein, Arkadij"]
[Black "Genocchio, Daniele"]
[Result "1-0"]
[WhiteElo "2544"]
[BlackElo "2352"]
[PlyCount "101"]
[EventDate "2003.07.07"]

1. Nf3 Nf6 2. c4 d6 3. Nc3 e5 4. g3 g6 5. Bg2 Bg7 6. O-O Nc6 7. Rb1 a5 8. a3
Be6 9. d3 h6 10. b4 Qd7 11. b5 Ne7 12. Bb2 Nh5 13. c5 O-O 14. cxd6 cxd6 15. d4
f5 16. dxe5 dxe5 17. Qxd7 Bxd7 18. Rfd1 Rfd8 19. e4 fxe4 20. Nxe4 Bxb5 21. Nxe5
Nc6 22. Nd7 Nd4 23. Bxd4 Rxd7 24. Bxg7 Rxd1+ 25. Rxd1 Kxg7 26. Nc5 Rc8 27. Nxb7
Rc3 28. Ra1 a4 29. Nd6 Bd7 30. Ne4 Rc4 31. Rd1 Bc6 32. Nd6 Rc3 33. Bxc6 Rxc6
34. Ne4 Rc4 35. Rd7+ Kg8 36. f3 g5 37. Kf2 Ng7 38. Ke3 Ne6 39. Re7 Rc6 40. Ra7
Rc4 41. Ra6 Nc7 42. Rxh6 Nb5 43. Rg6+ Kh7 44. Rxg5 Nxa3 45. Ra5 Rb4 46. Ra7+
Kg6 47. h4 Nc4+ 48. Kf4 a3 49. g4 Rb5 50. h5+ Kh6 51. Nf6 1-0

[Event "I Festival A"]
[Site "Cortina d'Ampezzo ITA"]
[Date "2003.07.13"]
[Round "9"]
[White "Ventura, Sergio"]
[Black "Barlocco, Carlo"]
[Result "1-0"]
[WhiteElo "2173"]
[BlackElo "2150"]
[PlyCount "87"]
[EventDate "2003.07.07"]

1. f4 d5 2. Nf3 g6 3. e3 Bg7 4. d4 c5 5. c3 Qc7 6. Bd3 Nh6 7. O-O Nd7 8. h3 Nf5
9. Bxf5 gxf5 10. Ne5 Nf6 11. Nd2 a5 12. Qe2 O-O 13. g4 Ra6 14. g5 Ne4 15. Kh2
h6 16. Rg1 hxg5 17. Nxe4 fxe4 18. Rxg5 Rh6 19. Ng4 Bxg4 20. Qxg4 Rg6 21. Rxg6
fxg6 22. Qe6+ Kh7 23. Qxd5 cxd4 24. exd4 Rxf4 25. Bxf4 Qxf4+ 26. Kg2 Qf3+ 27.
Kh2 Bh6 28. Qe6 Bf4+ 29. Kg1 Qg3+ 30. Kf1 Qf3+ 31. Kg1 Be3+ 32. Kh2 Qf2+ 33.
Kh1 Bf4 34. Qxe7+ Kg8 35. Qe8+ Kg7 36. Qe7+ Kh6 37. Qf8+ Kh7 38. Qf7+ Kh6 39.
Qf8+ Kg5 40. Rg1+ Kh5 41. Qh8+ Bh6 42. Qe5+ Qf5 43. Rf1 Qxe5 44. dxe5 1-0